Normal view
MARC view
- Finance
Entry Topical Term
001 - CONTROL NUMBER
- control field: 81674
003 - CONTROL NUMBER IDENTIFIER
- control field: NUST
005 - DATE AND TIME OF LATEST TRANSACTION
- control field: 20210823170325.0
008 - FIXED-LENGTH DATA ELEMENTS
- fixed length control field: 210823|| aca||aabn | a|a d
040 ## - CATALOGING SOURCE
- Original cataloging agency: NUST
- Transcribing agency: NUST
150 ## - HEADING--TOPICAL TERM
- Topical term or geographic name entry element: Finance
- Geographic subdivision: Pakistan
670 ## - SOURCE DATA FOUND
- Source citation: Work cat.: (NUST)0: Husain, Ishrat, 1941- 28195, Current issues in Pakistan's economy :, 2005
